The Story of Fossil Fuels / (Record no. 170939)

MARC details
000 -LEADER
fixed length control field 01634nam a22003497ia4500
003 - CONTROL NUMBER IDENTIFIER
control field PPAK
005 - DATE AND TIME OF LATEST TRANSACTION
control field 20190131104049.0
008 - FIXED-LENGTH DATA ELEMENTS--GENERAL INFORMATION
fixed length control field 190110t2016 cauao||j |||| 001 0 eng d
020 ## - INTERNATIONAL STANDARD BOOK NUMBER
Terms of availability RM378.00
Qualifying information set
International Standard Book Number 9781480746909
Terms of availability RM37.80
Qualifying information paperback
040 ## - CATALOGING SOURCE
Original cataloging agency PPAK
Language of cataloging eng
Transcribing agency PPAK
Description conventions rda
082 04 - DEWEY DECIMAL CLASSIFICATION NUMBER
Edition number 23
Classification number 333.82
090 00 - LOCALLY ASSIGNED LC-TYPE CALL NUMBER (OCLC); LOCAL CALL NUMBER (RLIN)
Classification number (OCLC) (R) ; Classification number, CALL (RLIN) (NR) 333.82
Feature heading RIC
Feature heading K
100 1# - MAIN ENTRY--PERSONAL NAME
Personal name Rice, William B.,
Relator term author.
Dates associated with a name 1961-
245 10 - TITLE STATEMENT
Title The Story of Fossil Fuels /
Statement of responsibility, etc. William B. Rice ; Illustrator : Timothy Bradley
264 #1 - PRODUCTION, PUBLICATION, DISTRIBUTION, MANUFACTURE, AND COPYRIGHT NOTICE
Place of production, publication, distribution, manufacture Huntington Beach, CA : T
Name of producer, publisher, distributor, manufacturer Teacher Created Materials,
Date of production, publication, distribution, manufacture, or copyright notice [2016]
Date of production, publication, distribution, manufacture, or copyright notice ©2016
300 ## - PHYSICAL DESCRIPTION
Extent 32 pages :
Other physical details colour photographs ;
Dimensions 23 cm
336 ## - CONTENT TYPE
Source rdacontent
Content type term text
337 ## - MEDIA TYPE
Source rdamedia
Media type term unmediated
338 ## - CARRIER TYPE
Source rdacarrier
Carrier type term volume
490 1# - SERIES STATEMENT
Series statement Earth and Space Science
500 ## - GENERAL NOTE
General note Includes index
505 ## - FORMATTED CONTENTS NOTE
Formatted contents note One Fine day -- What are fossil fuels? -- How are fossil fuels made? -- How do we use fossil fuels? -- Where do we find fossil fuels today? -- Extraction and refining -- How much more? -- Think like a scientist.
520 ## - SUMMARY, ETC.
Summary, etc. "Everything needs energy to run. You get energy from food. Cars also need energy. But cars don't eat food--they use gasoline. Gasoline is made from fossil fuels. Fossil fuels are used every day. Even roads for cars are made from fossil fuels. Fossil fuels are a part of your life more than you probably imagined."-- Provided by publisher.
521 1# - TARGET AUDIENCE NOTE
Target audience note Grades 4 to 6
650 10 - SUBJECT ADDED ENTRY--TOPICAL TERM
Topical term or geographic name entry element Fossil fuels
Form subdivision Juvenile literature
Topical term or geographic name entry element Natural resouces
Form subdivision Juvenile literature
700 ## - ADDED ENTRY--PERSONAL NAME
Personal name Bradley, Timothy,
Relator term illustrator.
830 #0 - SERIES ADDED ENTRY--UNIFORM TITLE
Uniform title Earth and space science
942 ## - ADDED ENTRY ELEMENTS (KOHA)
Source of classification or shelving scheme Dewey Decimal Classification
Koha item type Book
Holdings
Withdrawn Not for loan Current library Shelving location Date acquired Full call number Barcode Date last seen Koha item type
    Perpustakaan Alor Setar Pinjaman Kanak-kanak 17/02/2019 K 333.82 RIC A01592246 17/02/2019 Book